American Friends Service Committee records, (Record no. 44364)

MARC details
000 -LEADER
fixed length control field 02066cpcaa2200385 a 4500
001 - CONTROL NUMBER
control field mm 96077406
003 - CONTROL NUMBER IDENTIFIER
control field DLC
005 - DATE AND TIME OF LATEST TRANSACTION
control field 20260227111725.0
007 - PHYSICAL DESCRIPTION FIXED FIELD--GENERAL INFORMATION
fixed length control field cr |||||||||||
008 - FIXED-LENGTH DATA ELEMENTS--GENERAL INFORMATION
fixed length control field 960718|||||||||||| eng
010 ## - LIBRARY OF CONGRESS CONTROL NUMBER
LC control number mm 96077406
040 ## - CATALOGING SOURCE
Original cataloging agency DLC
Transcribing agency DLC
Modifying agency DLC
Description conventions dacs
072 #7 - SUBJECT CATEGORY CODE
Subject category code R
Source lcmd
110 2# - MAIN ENTRY--CORPORATE NAME
Corporate name or jurisdiction name as entry element American Friends Service Committee.
245 00 - TITLE STATEMENT
Title American Friends Service Committee records,
Inclusive dates 1933-1988
Bulk dates (bulk 1933-1938).
300 ## - PHYSICAL DESCRIPTION
Extent 20
Type of unit items.
300 ## - PHYSICAL DESCRIPTION
Extent 1
Type of unit container.
300 ## - PHYSICAL DESCRIPTION
Extent 0.2
Type of unit linear feet.
506 0# - RESTRICTIONS ON ACCESS NOTE
Terms governing access Open to research.
520 8# - SUMMARY, ETC.
Summary, etc. Journal (1933) kept by Herbert and Jo Abraham recording experiences of American Friends Service Committee volunteers at a mining camp in Letcher County, Ky., endeavoring to improve social conditions there and in the town of Hemphill. Includes correspondence, photographs, and other papers of the volunteers and typewritten transcript (1986) of the journal with addenda appended by Herbert Abraham.
544 ## - LOCATION OF OTHER ARCHIVAL MATERIALS NOTE
Materials specified Photographs
Provenance transferred to
Custodian Library of Congress Prints and Photographs Division.
545 0# - BIOGRAPHICAL OR HISTORICAL DATA
Biographical or historical data Quaker organization formed to promote peace and reconciliation through its social service and relief programs.
546 ## - LANGUAGE NOTE
Language note Collection material in English.
555 8# - CUMULATIVE INDEX/FINDING AIDS NOTE
Cumulative index/finding aids note Finding aid available in the Library of Congress Manuscript Reading Room and at
Uniform Resource Identifier <a href="http://hdl.loc.gov/loc.mss/eadmss.ms008126">http://hdl.loc.gov/loc.mss/eadmss.ms008126</a>
650 #0 - SUBJECT ADDED ENTRY--TOPICAL TERM
Topical term or geographic name entry element Coal mines and mining
Geographic subdivision Kentucky
-- Hemphill.
650 #0 - SUBJECT ADDED ENTRY--TOPICAL TERM
Topical term or geographic name entry element Coal mines and mining
Geographic subdivision Kentucky
-- Letcher County.
650 #0 - SUBJECT ADDED ENTRY--TOPICAL TERM
Topical term or geographic name entry element Social problems
Geographic subdivision Kentucky
-- Hemphill.
650 #0 - SUBJECT ADDED ENTRY--TOPICAL TERM
Topical term or geographic name entry element Social problems
Geographic subdivision Kentucky
-- Letcher County.
700 1# - ADDED ENTRY--PERSONAL NAME
Personal name Abraham, Herbert.
Title of a work Herbert Abraham papers.
700 1# - ADDED ENTRY--PERSONAL NAME
Personal name Abraham, Jo.
Title of a work Jo Abraham papers.
856 4# - ELECTRONIC LOCATION AND ACCESS
Materials specified Finding aid
Uniform Resource Identifier <a href="http://hdl.loc.gov/loc.mss/eadmss.ms008126">http://hdl.loc.gov/loc.mss/eadmss.ms008126</a>
856 4# - ELECTRONIC LOCATION AND ACCESS
Materials specified Finding aid (PDF)
Uniform Resource Identifier <a href="http://hdl.loc.gov/loc.mss/eadmss.ms008126.3">http://hdl.loc.gov/loc.mss/eadmss.ms008126.3</a>

No items available.

Powered by Koha